| 000 | 02721cam a22002895a 4500 | ||
|---|---|---|---|
| 001 | 17356936 | ||
| 005 | 20160327160222.0 | ||
| 008 | 120620t2013 fluaf frb 001 0 eng d | ||
| 020 | _a9781439878750 | ||
| 040 |
_aDNLM/DLC _cDLC _dDLC _dEG-ScBUE _beng |
||
| 082 | 0 | 4 |
_222 _a616.99407572 _bCAN |
| 245 | 0 | 0 |
_aCancer nanotechnology : _bprinciples and applications in radiation oncology / _cedited by Sang Hyun Cho, Sunil Krishnan. |
| 260 |
_aBoca Raton : _bCRC Press / Taylor & Francis Group, _cc.2013. |
||
| 300 |
_axviii, 254 p. : _bill. (some col.) ; _c29 cm. |
||
| 490 | 0 | _aImaging in medical diagnosis and therapy. | |
| 500 | _aIndex : p. 249-254. | ||
| 504 | _aIncludes bibliographical references. | ||
| 505 | 0 | _aBasic principles of radiation therapy of cancers / Laurence Court and Radhe Mohan -- Biological principles of radiosensitization / Vikas Bhardwaj ... [et al.] -- Principles and applications of hyperthermia combined with radiation / Mark Hurwitz -- Synthesis and surface modification of nanomaterials for tumor targeting / Glenn Goodrich -- Safety concerns for nanomaterials in nanomedicinal applications / Qingxin Mu ... [et al.] -- Imaging with nanoparticles / Amit Joshi -- Optical microscopy of plasmonic nanoparticles / Varun P. Pattani and James Tunnell -- X-ray fluorescence computed tomography imaging of nanoparticles / Bernard L. Jones and Sang Hyun Cho -- Gold nanoparticle-mediated radiosensitization / Devika B. Chithrani -- Quantification of gold nanoparticle-mediated radiation dose enhancement / Sang Hyun Cho and Bernard L. Jones -- Semiconductor nanomaterials for radiotherapy / Ke Sheng -- Radioactive gold nanoparticle for tumor therapy / Raghuraman Kannan, Kattesh V. Katti, and Cathy Cutler -- Nanoparticles for the selective radioprotection of normal tissues / Jacob M. Berlin and Kathy A. Mason -- Gold nanoparticle-mediated hyperthermia in cancer therapy / Dev K. Chatterjee and Sunil Krishnan -- Magnetic resonance thermometry imaging for gold nanoparticle-mediated thermal therapy / R. Jason Stafford and John D. Hazle -- Modeling of plasmonic heat generation from gold nanoparticles / Francisco Reynoso and Sang Hyun Cho -- Carbon nanotubes for thermal therapy / Ravi N. Singh ... [et al.] -- Regulatory issues for clinical translations / J. Donald Payne -- Clinical translations of nanotechnology : present and future outlook / Dev K. Chatterjee, Sang Hyun Cho, and Sunil Krishnan. | |
| 650 | 7 |
_aNanomedicine. _94192 _2BUEsh |
|
| 650 | 7 |
_aCancer _xRadiotherapy. _2BUEsh _939686 |
|
| 650 | 7 |
_aCancer _xTreatment. _2BUEsh _939687 |
|
| 651 | _2BUEsh | ||
| 653 |
_bPPhrm _cMarch2016 |
||
| 700 | 1 |
_aCho, Sang Hyun, _eeditor. |
|
| 700 | 1 |
_aKrishnan, Sunil, _eeditor. |
|
| 942 | _2ddc | ||
| 999 |
_c21517 _d21489 |
||